| 000 | 01141nam a2200241 a 4500 | ||
|---|---|---|---|
| 001 | 80233 | ||
| 003 | BD-RjUL | ||
| 005 | 20220824131445.0 | ||
| 008 | 220824s2022 bg ||||| |||| 00| 0 ben d | ||
| 020 | _a9789840428465 | ||
| 035 | _a(BD-RjUL)80233 | ||
| 040 |
_aBD-RjUL _beng _cBD-RjUL |
||
| 041 | _aben | ||
| 082 |
_223 _a891.444 _bBAN 2022 |
||
| 245 |
_aবঙ্গবন্ধু শেখ মুজিবকে নিয়ে নির্বাচিত প্রবন্ধ / _cমুহাম্মদ সামাদ সম্পাদিত |
||
| 260 |
_aঢাকা: _bজাতির পিতা বঙ্গবন্ধু শেখ মুজিবুর রহমানের জন্মশতবার্ষিকী উদযাপন জাতীয় বাস্তবায়ন কমিটি, _c2022 |
||
| 300 |
_a২৮০ পৃ.; _c২৪ সেমি |
||
| 600 |
_aমুজিবুর রহমান , শেখ, _d১৯২০-১৯৭৫ |
||
| 600 |
_aMujibur Rahman, Sheikh, _d 1920-1975 |
||
| 650 | _aবাংলা প্রবন্ধ | ||
| 650 |
_aBengali Essay _94490 |
||
| 942 |
_2ddc _cBK |
||
| 999 |
_c80233 _d80233 |
||